Zmeny v kohortnej plodnosti žien Slovenska v spojitosti s najvyšším dosiahnutým vzdelaním

Analýza kohortnej plodnosti žien na Slovensku podľa najvyššieho dosiahnutého vzdelania. Zmeny štruktúry žien podľa parity a pravdepodobnosti zväčšenia rodiny pri generáciách žien narodených v rokoch 1900 až 1970.

Salvato in:
Dettagli Bibliografici
Autore principale: Šprocha, Branislav
Natura: Capitolo di libro
Lingua:slovacco
Soggetti:
Tags: Aggiungi Tag
Nessun Tag, puoi essere il primo ad aggiungerne!!

MARC

LEADER 00000naa a2200000 4500
001 0248360
005 20220728114729.5
041 0 |a slo 
044 |a SK 
245 1 0 |a Zmeny v kohortnej plodnosti žien Slovenska v spojitosti s najvyšším dosiahnutým vzdelaním  |c Branislav Šprocha 
520 |a Analýza kohortnej plodnosti žien na Slovensku podľa najvyššieho dosiahnutého vzdelania. Zmeny štruktúry žien podľa parity a pravdepodobnosti zväčšenia rodiny pri generáciách žien narodených v rokoch 1900 až 1970. 
610 2 0 |a plodnosť 
610 2 0 |a ženy 
610 2 0 |a vzdelanie 
610 2 0 |a rodina 
610 2 0 |a Slovensko 
610 2 0 |a štatistika demografická 
100 1 |a Šprocha, Branislav